00241nam a2200085Ia 4500008004100000245006300041260002200104440000600126521002300132140130s9999 xx 000 0 und d cOwen, JenniferaUsborne mysteries & marvels of insect life bScholastic,c1984 v1 aGrade 7 - Grade 12